00410 a2200109 4500001001000000005001700010008004100027245014200068100002000210773005300230999001700283ART_4038320260410161741.0260409a 10aEl conflicto intersindical en torno a la representación de los trabajadores del sector de la "logística" de la Empresa Maxiconsumo SA1 aSlavin, Luis P.0 tDoctrina laboralg- Nº 333 (mayo 2013)wREV4049 c18738d18738